<?xml version="1.0" encoding="UTF-8"?>
<collection xmlns="http://www.loc.gov/MARC21/slim">
 <record>
  <leader>01417pam a22002658a 4500</leader>
  <controlfield tag="001">00018364</controlfield>
  <controlfield tag="005">20171026081022.0</controlfield>
  <controlfield tag="008">110426s1998                  ||||||Viesd</controlfield>
  <datafield tag="020" ind1=" " ind2=" ">
   <subfield code="c">5800</subfield>
  </datafield>
  <datafield tag="041" ind1="0" ind2="#">
   <subfield code="a">Vie</subfield>
  </datafield>
  <datafield tag="082" ind1="1" ind2="4">
   <subfield code="a">320.407 1</subfield>
   <subfield code="b">PH561PH</subfield>
  </datafield>
  <datafield tag="100" ind1="0" ind2="#">
   <subfield code="a">Phạm Văn Hùng</subfield>
  </datafield>
  <datafield tag="245" ind1="0" ind2="0">
   <subfield code="a">Phương pháp dạy môn giáo dục công dân ở trường trung học cơ sở</subfield>
   <subfield code="b">giáo trình đào tạo giáo viên trung học cơ sở hệ cao đẵng sư phạm</subfield>
   <subfield code="c">Phạm Văn Hùng, Phùng Văn Phố</subfield>
  </datafield>
  <datafield tag="260" ind1="#" ind2="#">
   <subfield code="a">H.</subfield>
   <subfield code="b">Giáo dục</subfield>
   <subfield code="c">1998</subfield>
  </datafield>
  <datafield tag="300" ind1="#" ind2="#">
   <subfield code="a">143 tr.</subfield>
   <subfield code="c">20 cm.</subfield>
  </datafield>
  <datafield tag="500" ind1="#" ind2="#">
   <subfield code="a">ĐTTS ghi : Bộ Giáo dục và Đào tạo</subfield>
  </datafield>
  <datafield tag="650" ind1="#" ind2="4">
   <subfield code="a">Giáo dục công dân</subfield>
  </datafield>
  <datafield tag="653" ind1="#" ind2="#">
   <subfield code="a">Phương pháp</subfield>
  </datafield>
  <datafield tag="700" ind1="0" ind2="#">
   <subfield code="a">Phùng Văn Phố</subfield>
  </datafield>
  <datafield tag="852" ind1="#" ind2="#">
   <subfield code="b">Kho giáo trình</subfield>
   <subfield code="j">KGT.0018034, KGT.0018035, KGT.0018036, KGT.0018037, KGT.0018038, KGT.0018039, KGT.0018040, KGT.0018041, KGT.0018042, KGT.0018043, KGT.0018044, KGT.0018045, KGT.0018046, KGT.0032945, KGT.0032950</subfield>
  </datafield>
  <datafield tag="852" ind1="#" ind2="#">
   <subfield code="b">Kho mượn</subfield>
   <subfield code="j">KGT.0018034</subfield>
  </datafield>
  <datafield tag="852" ind1="#" ind2="#">
   <subfield code="b">Kho đọc</subfield>
   <subfield code="j">KD.0003832</subfield>
  </datafield>
  <datafield tag="852" ind1="#" ind2="#">
   <subfield code="j">KD.0003832</subfield>
   <subfield code="j">KGT.0018044</subfield>
   <subfield code="j">KGT.0018045</subfield>
   <subfield code="j">KGT.0018035</subfield>
   <subfield code="j">KGT.0018036</subfield>
   <subfield code="j">KGT.0018038</subfield>
   <subfield code="j">KGT.0018039</subfield>
   <subfield code="j">KGT.0018041</subfield>
   <subfield code="j">KGT.0018042</subfield>
   <subfield code="j">KGT.0032950</subfield>
   <subfield code="j">KGT.0032945</subfield>
   <subfield code="j">KGT.0018034</subfield>
   <subfield code="j">KGT.0018037</subfield>
   <subfield code="j">KGT.0018040</subfield>
   <subfield code="j">KGT.0018043</subfield>
   <subfield code="j">KGT.0018046</subfield>
  </datafield>
  <datafield tag="910" ind1=" " ind2=" ">
   <subfield code="d">26/04/2011</subfield>
  </datafield>
  <datafield tag="980" ind1="#" ind2="#">
   <subfield code="a">Trung tâm Học liệu Lê Vũ Hùng, Trường Đại học Đồng Tháp</subfield>
  </datafield>
 </record>
</collection>
